| 000 | 00817ntm a22002177a 4500 | ||
|---|---|---|---|
| 005 | 20170810151810.0 | ||
| 008 | 170802s2014 xx a frb 000 0 eng d | ||
| 040 |
_aEG-ScBUE _beng _cEG-ScBUE |
||
| 082 | 0 | 4 |
_222 _a624 _bBAD |
| 100 | 1 | _aBadran, Omar Nabil. | |
| 245 | 1 | 0 |
_aDevelopment of lrfd resistance factors for large diameter bored piles in Egypt / _cOmar Nabil Badran. |
| 260 | _c2014. | ||
| 300 |
_aix, 65 p. : _bill . (col.) ; _c28 cm . |
||
| 500 | _aA dissertation submitted to the faculty of engineering the British University in Egypt in partial fulfillment of the requirements for the bachelor degree in civil engineering. | ||
| 590 | _anaira | ||
| 650 | 7 |
_2BUEsh _aCivil engineering. _vProjects |
|
| 653 |
_bENGCIV _cAugust2017 |
||
| 655 | _vSPRO | ||
| 700 | 1 |
_aAbdelSalam, Sherif. _qBAD |
|
| 942 | _2ddc | ||
| 999 |
_c25261 _d25233 |
||